000 01138nam a22003377a 4500
003 CHAP
005 20220329134629.0
008 971013s1983 r 00010 d
010 _a23281
011 _a24253
035 _a28352
040 _cCHAP
082 _a633.85
_bC4
100 0 0 _aCharfield, E. W.
_ecomp.
_921957
245 _aNew crops for desert agriculture
_b: problems and oportunitties
260 _aBerkeley, Cal. :
_bUniversity of California Cooperative Extension,
_c1983
300 _a164 p.
_b: ilus. ; mapas ; gráfs
590 _aBATCH-UPD
_b10
_c20130110
_lUCH01
_h0044
590 _aBATCH-UPD
_b10
_c20130110
_lUCH01
_h1455
590 _aBATCH-UPD
_b10
_c20130410
_lUCH01
_h0920
590 _aBATCH-UPD
_b10
_c20130914
_lUCH01
_h0321
590 _aCONVERSION
_b10
_c20130109
_lUCH01
_h1314
650 1 4 _aAgricultura
_xRegiones áridas.
_91781
650 1 4 _aGuayule.
_951071
650 1 4 _aJojoba.
_961935
650 1 4 _aRegiones áridas
_xAgricultura.
_995670
650 1 4 _aSuelos
_xRegiones áridas.
_9110475
901 _aBK
942 _cLIBRO
949 _a633.85 C4
_bBC
_cLIBRO
_d33724000199881
_eLIBRO
_h66343
_i28352
_mD
_si
999 _c23281
_d23281